| 000 | 00527nam a2200133Ia 4500 | ||
|---|---|---|---|
| 008 | 200902s9999 xx 000 0 und d | ||
| 020 | _a978-621-406-240-9 | ||
| 100 | _aPunzalan , Michelle D. | ||
| 245 |
_cMichelle Duya Punzalan, Antonio Jardin Habana Jr., Leila C. Crystal, Karen T. Bundalian, Belen T. Dante.-- _aPhysical education 1 : _bmovement enhancement / |
||
| 250 | _arev ed. | ||
| 260 |
_aManila : _bMindshapers Co., Inc. _c2019 |
||
| 300 |
_aviii , 148 pages : _billustrations ; _c23 cm. |
||
| 650 | _aPhysical education | ||
| 999 |
_c363974 _d363974 |
||